[Event "Paris op"]
[Site "Paris"]
[Date "1995.??.??"]
[Round "?"]
[White "Hausknecht, Mathias"]
[Black "Medina, Jose"]
[Result "1/2-1/2"]
[WhiteElo "2315"]
[BlackElo "2105"]
[PlyCount "108"]
[EventDate "1995.04.??"]
[EventType "swiss"]
[EventRounds "9"]
[EventCountry "FRA"]
[SourceTitle "EXT 1997"]
[Source "ChessBase"]
[SourceDate "1996.11.15"]
[SourceVersion "1"]
[SourceVersionDate "1996.11.15"]
[SourceQuality "1"]

1. e4 e6 2. d4 d5 3. exd5 exd5 4. Bd3 Bd6 5. Nf3 Nf6 6. 0-0 0-0 7. Bg5 h6 8. Bh4 Nc6 9. c3 Re8 10. Nbd2 Be6 11. Re1 Be7 12. Qc2 a6 13. Re2 Nh5 14. Bxe7 Rxe7 15. g3 Nf6 16. Rae1 Qd6 17. Nb3 Rae8 18. Nc5 Bc8 19. Rxe7 Rxe7 20. Rxe7 Qxe7 21. Bf5 Qe8 22. Bxc8 Qxc8 23. Qe2 Nd7 24. Nxd7 Qxd7 25. b4 Qe7 26. Qxe7 Nxe7 27. Ne5 Nc8 28. Nd7 Nd6 29. Nc5 Kf8 30. Kf1 Ke7 31. Ke2 c6 32. Kd3 Kd8 33. f4 Kc7 34. a4 Kc8 35. g4 g5 36. f5 Kd8 37. Ke3 Kc7 38. Kd3 Kc8 39. a5 Kc7 40. Ke3 Nb5 41. Kd2 Nd6 42. Ke3 Nb5 43. Na4 Kd8 44. Kf3 Ke7 45. Kg3 Nd6 46. Nc5 Kd8 47. h4 Ke7 48. h5 Kd8 49. Kf3 Ke7 50. Ke3 Kd8 51. Kd3 Kc7 52. Kc2 Ne8 53. Nd3 Kd8 54. Ne5 Ke7 1/2-1/2

[Event "Ceuta"]
[Site "Ceuta"]
[Date "1994.??.??"]
[Round "?"]
[White "Garcia Palermo, Carlos H"]
[Black "Medina, Jose"]
[Result "1-0"]
[WhiteElo "2460"]
[BlackElo "2275"]
[PlyCount "71"]
[EventDate "1994.??.??"]
[EventType "tourn"]
[EventRounds "9"]
[EventCountry "ESP"]
[SourceTitle "EXT 2004"]
[Source "ChessBase"]
[SourceDate "2003.11.25"]
[SourceVersion "1"]
[SourceVersionDate "2003.11.25"]
[SourceQuality "1"]

1. d4 Nf6 2. c4 g6 3. Nc3 Bg7 4. e4 d6 5. f4 0-0 6. Nf3 c5 7. dxc5 Qa5 8. Bd3 Qxc5 9. Qe2 Bg4 10. Be3 Qa5 11. 0-0 Nc6 12. Rac1 Nd7 13. Qd2 Bxf3 14. Rxf3 a6 15. Rf2 Rac8 16. Bb1 Nc5 17. Nd5 Qxd2 18. Rxd2 Ne6 19. b4 Nc7 20. a3 Rfe8 21. Nb6 Rcd8 22. Rcd1 Bc3 23. Rd3 Bg7 24. g3 h5 25. h4 Bh8 26. Kg2 Bg7 27. Bc2 Rb8 28. Kf3 Kh8 29. Bb3 Kg8 30. R1d2 Bh6 31. c5 dxc5 32. Bxc5 Bf8 33. Rd7 Red8 34. Ke3 Nb5 35. a4 Nd6 36. Bxd6 1-0

[Event "Ceuta"]
[Site "Ceuta"]
[Date "1994.??.??"]
[Round "?"]
[White "Medina, Jose"]
[Black "Zlotnik, Boris A"]
[Result "0-1"]
[WhiteElo "2275"]
[BlackElo "2435"]
[PlyCount "50"]
[EventDate "1994.??.??"]
[EventType "tourn"]
[EventRounds "9"]
[EventCountry "ESP"]
[SourceTitle "EXT 2004"]
[Source "ChessBase"]
[SourceDate "2003.11.25"]
[SourceVersion "1"]
[SourceVersionDate "2003.11.25"]
[SourceQuality "1"]

1. d4 Nf6 2. c4 e6 3. g3 d5 4. Bg2 Be7 5. Nf3 0-0 6. 0-0 b6 7. Ne5 Bb7 8. Nc3 Na6 9. Bg5 Ne4 10. Bxe7 Qxe7 11. cxd5 exd5 12. Rc1 c5 13. e3 Nc7 14. Qc2 Nf6 15. f4 Rfd8 16. Rcd1 b5 17. Ne2 c4 18. g4 Ne4 19. g5 f6 20. gxf6 gxf6 21. Ng4 Kh8 22. Kh1 Rg8 23. Bxe4 dxe4 24. Nf2 Nd5 25. Qd2 Qe8 0-1

[Event "ESP-chT"]
[Site "Spain"]
[Date "1993.??.??"]
[Round "?"]
[White "Medina, Jose"]
[Black "Garcia, P."]
[Result "1-0"]
[WhiteElo "2270"]
[BlackElo "2270"]
[PlyCount "85"]
[EventDate "1993.??.??"]
[EventType "team"]
[EventRounds "9"]
[EventCountry "ESP"]
[SourceTitle "TD"]
[Source "ChessBase"]
[SourceDate "1994.03.01"]
[SourceVersion "1"]
[SourceVersionDate "1994.03.01"]
[SourceQuality "1"]

1. d4 Nf6 2. c4 e6 3. Nc3 d5 4. cxd5 exd5 5. Bg5 Be7 6. e3 Nbd7 7. Bd3 0-0 8. Qc2 a6 9. Nge2 c5 10. h4 c4 11. Bf5 b5 12. Nf4 Nb6 13. Bxf6 Bxf6 14. Bxh7+ Kh8 15. h5 Re8 16. Nce2 Bg5 17. Nh3 Bh6 18. 0-0-0 Bg4 19. Bf5 Bxe2 20. Qxe2 c3 21. b3 Qd6 22. Rde1 Qa3+ 23. Kd1 Nc4 24. bxc4 bxc4 25. Bc2 Qb2 26. Qf3 Re4 27. Qxf7 Rae8 28. Qxd5 Qxa2 29. Qb7 R4e7 30. Qb1 Qa5 31. Ke2 Qxh5+ 32. Kf1 g5 33. Kg1 Qg4 34. Bf5 Qxd4 35. Nxg5 Qf6 36. Nf3 Kg7 37. g4 Rg8 38. Kf1 Kf8 39. Rd1 Re8 40. Qc2 Bg7 41. Nd4 Bh6 42. Qxc3 Re7 43. Qxc4 1-0

[Event "Ceuta-B"]
[Site "Ceuta"]
[Date "1993.??.??"]
[Round "9"]
[White "Medina, Jose"]
[Black "Pareja Perez, Juan Luis"]
[Result "0-1"]
[WhiteElo "2270"]
[BlackElo "2080"]
[PlyCount "45"]
[EventDate "1993.09.??"]
[EventType "tourn"]
[EventRounds "9"]
[EventCountry "ESP"]
[EventCategory "3"]
[SourceTitle "EXT 1997"]
[Source "ChessBase"]
[SourceDate "1996.11.15"]
[SourceVersion "1"]
[SourceVersionDate "1996.11.15"]
[SourceQuality "1"]

1. d4 d5 2. c4 c6 3. Nc3 Nf6 4. Nf3 e6 5. e3 Bd6 6. Qc2 0-0 7. b3 Nbd7 8. Be2 e5 9. 0-0 Re8 10. Rd1 e4 11. Nd2 Nf8 12. h3 Bf5 13. b4 Bxb4 14. Rb1 Bd6 15. c5 Bc7 16. Rxb7 Ng6 17. Nf1 Bc8 18. Rb3 Nh4 19. Ng3 g5 20. Kf1 Kh8 21. Bb2 g4 22. hxg4 Nxg4 23. Ke1 0-1

[Event "Ceuta-B"]
[Site "Ceuta"]
[Date "1993.??.??"]
[Round "7"]
[White "Pacorro, Fra"]
[Black "Medina, Jose"]
[Result "1/2-1/2"]
[WhiteElo "2140"]
[BlackElo "2270"]
[PlyCount "65"]
[EventDate "1993.09.??"]
[EventType "tourn"]
[EventRounds "9"]
[EventCountry "ESP"]
[EventCategory "3"]
[SourceTitle "EXT 1997"]
[Source "ChessBase"]
[SourceDate "1996.11.15"]
[SourceVersion "1"]
[SourceVersionDate "1996.11.15"]
[SourceQuality "1"]

1. e4 c5 2. c3 d6 3. d4 Nf6 4. Bd3 g6 5. Ne2 Bg7 6. 0-0 0-0 7. f4 e5 8. fxe5 dxe5 9. dxc5 Qc7 10. b4 Be6 11. Qc2 Nbd7 12. Kh1 b6 13. cxb6 Nxb6 14. Bg5 Nfd7 15. Nd2 Nc4 16. Nxc4 Bxc4 17. Bxc4 Qxc4 18. a4 Rac8 19. Rad1 Qe6 20. a5 Rfe8 21. Qd3 Nf8 22. Qd5 Rc4 23. Qb7 Rec8 24. Qxa7 Rxe4 25. Qf2 f5 26. Rd3 Qa2 27. Rfd1 Qc4 28. h3 Ne6 29. Be3 f4 30. Bb6 Bh6 31. R3d2 f3 32. gxf3 Rh4 33. Rd3 1/2-1/2

[Event "Havana op"]
[Site "Havana"]
[Date "1992.??.??"]
[Round "?"]
[White "Medina, Jose"]
[Black "Arribas Robaina, Maritza"]
[Result "1-0"]
[WhiteElo "2270"]
[BlackElo "2230"]
[PlyCount "57"]
[EventDate "1992.??.??"]
[EventType "swiss"]
[EventRounds "9"]
[EventCountry "CUB"]
[SourceTitle "EXT 2000"]
[Source "ChessBase"]
[SourceDate "1999.11.16"]
[SourceVersion "1"]
[SourceVersionDate "1999.11.16"]
[SourceQuality "1"]

1. d4 Nf6 2. c4 c5 3. d5 g6 4. Nc3 d6 5. e4 Bg7 6. f3 e6 7. Bg5 h6 8. Be3 exd5 9. cxd5 a6 10. a4 Qa5 11. Ra3 Nbd7 12. Nh3 0-0 13. Qd2 Re8 14. Be2 Ne5 15. Nf2 Qb4 16. 0-0 Rb8 17. Qc1 c4 18. a5 Nd3 19. Nxd3 cxd3 20. Bxd3 Nd7 21. Ra4 Bxc3 22. Rxb4 Bxb4 23. Bd4 Kh7 24. Qf4 Re7 25. Qh4 Re8 26. f4 Bxa5 27. e5 Bd8 28. Qh3 Nf8 29. f5 1-0

[Event "ESP-chT"]
[Site "Spain"]
[Date "1992.??.??"]
[Round "3"]
[White "Medina, Jose"]
[Black "Fernandez Garcia, Jose Luis"]
[Result "0-1"]
[WhiteElo "2270"]
[BlackElo "2475"]
[PlyCount "30"]
[EventDate "1992.??.??"]
[EventType "team"]
[EventRounds "9"]
[EventCountry "ESP"]
[SourceTitle "EXT 1998"]
[Source "ChessBase"]
[SourceDate "1997.11.17"]
[SourceVersion "1"]
[SourceVersionDate "1997.11.17"]
[SourceQuality "1"]

1. d4 Nf6 2. c4 g6 3. Nc3 d5 4. cxd5 Nxd5 5. e4 Nxc3 6. bxc3 Bg7 7. Nf3 c5 8. Rb1 0-0 9. Be2 Qa5 10. Rb5 Qxc3+ 11. Bd2 Qa3 12. Rxc5 Nc6 13. d5 Qxc5 14. dxc6 Qxc6 15. 0-0 Qxe4 0-1

[Event "Manzanillo"]
[Site "Manzanillo"]
[Date "1991.??.??"]
[Round "2"]
[White "Calderin Gonzalez, Roberto"]
[Black "Medina, Jose"]
[Result "1-0"]
[WhiteElo "2345"]
[BlackElo "2320"]
[PlyCount "73"]
[EventDate "1991.??.??"]
[EventType "tourn"]
[EventRounds "14"]
[EventCountry "CUB"]
[EventCategory "4"]
[SourceTitle "EXT 1997"]
[Source "ChessBase"]
[SourceDate "1996.11.15"]
[SourceVersion "1"]
[SourceVersionDate "1996.11.15"]
[SourceQuality "1"]

1. d4 d5 2. Nf3 Nf6 3. c4 c6 4. e3 e6 5. Bd3 dxc4 6. Bxc4 Nbd7 7. 0-0 Bd6 8. Nc3 0-0 9. e4 e5 10. h3 b5 11. Bb3 b4 12. Ne2 Nxe4 13. Qc2 Nef6 14. Qxc6 Qc7 15. Qxc7 Bxc7 16. Bd2 e4 17. Nh4 Nb6 18. Bxb4 Re8 19. Bd2 Nfd5 20. g4 Ba6 21. Rfe1 e3 22. fxe3 Nxe3 23. Rac1 Bd8 24. Nf3 Nec4 25. Ng3 Bf6 26. Bg5 Bxg5 27. Nxg5 h6 28. N5e4 Nxb2 29. Bxf7+ Kxf7 30. Nd6+ Kf8 31. Rxe8+ Rxe8 32. Nxe8 Kxe8 33. Rc7 Bc4 34. Rxa7 g6 35. Ne4 Kd8 36. Nc5 Bd5 37. a4 1-0

[Event "Manzanillo"]
[Site "Manzanillo"]
[Date "1991.??.??"]
[Round "9"]
[White "Medina, Jose"]
[Black "Calderin Gonzalez, Roberto"]
[Result "0-1"]
[WhiteElo "2320"]
[BlackElo "2345"]
[PlyCount "74"]
[EventDate "1991.??.??"]
[EventType "tourn"]
[EventRounds "14"]
[EventCountry "CUB"]
[EventCategory "4"]
[SourceTitle "EXT 1997"]
[Source "ChessBase"]
[SourceDate "1996.11.15"]
[SourceVersion "1"]
[SourceVersionDate "1996.11.15"]
[SourceQuality "1"]

1. d4 Nf6 2. c4 e5 3. dxe5 Ne4 4. Nf3 Bb4+ 5. Nbd2 Nc6 6. a3 Nxd2 7. Nxd2 Bxd2+ 8. Bxd2 Nxe5 9. Bc3 Qe7 10. Qd4 f6 11. 0-0-0 d6 12. g4 Be6 13. Bg2 Rb8 14. g5 fxg5 15. c5 Rd8 16. cxd6 cxd6 17. f4 gxf4 18. Qxf4 Bb3 19. Rdf1 Rd7 20. Rhg1 Rf8 21. Qg3 Rxf1+ 22. Rxf1 Rc7 23. Be4 g6 24. Qg2 d5 25. Bc2 Bxc2 26. Kxc2 d4 27. Qd5 Nd7 28. Rf4 Qxe2+ 29. Kb1 Qd3+ 30. Ka1 Rxc3 31. Qe4+ Kd8 32. bxc3 Qxc3+ 33. Ka2 Qd2+ 34. Ka1 Qc1+ 35. Ka2 d3 36. Rf7 Qc2+ 37. Ka1 Qd1+ 0-1

[Event "Manzanillo"]
[Site "Manzanillo"]
[Date "1991.??.??"]
[Round "7"]
[White "Medina, Jose"]
[Black "Pazos Gambarrotti, Plinio Efrain"]
[Result "0-1"]
[WhiteElo "2320"]
[BlackElo "2330"]
[PlyCount "62"]
[EventDate "1991.??.??"]
[EventType "tourn"]
[EventRounds "14"]
[EventCountry "CUB"]
[EventCategory "4"]
[SourceTitle "EXT 1997"]
[Source "ChessBase"]
[SourceDate "1996.11.15"]
[SourceVersion "1"]
[SourceVersionDate "1996.11.15"]
[SourceQuality "1"]

1. d4 Nf6 2. c4 c5 3. d5 b5 4. cxb5 a6 5. bxa6 Bxa6 6. Nc3 g6 7. Nf3 d6 8. e4 Bxf1 9. Kxf1 Bg7 10. g3 0-0 11. Kg2 Nbd7 12. h3 Ra6 13. Re1 Qa8 14. Bf4 Rb8 15. Re2 Nb6 16. Qc1 Na4 17. Bh6 Bxh6 18. Qxh6 Rxb2 19. Ng5 Rb4 20. e5 dxe5 21. Nce4 Rxe4 22. Rxe4 Qxd5 23. Kg1 Nc3 24. Rh4 Qd2 25. Nxf7 Qb2 26. Re1 Kxf7 27. Qe3 Rxa2 28. Rf1 Ne2+ 29. Kg2 Nd4 30. g4 Qb7+ 31. Kg3 g5 0-1

[Event "Manzanillo"]
[Site "Manzanillo"]
[Date "1991.??.??"]
[Round "3"]
[White "Medina, Jose"]
[Black "Sariego Figueredo, Wilfredo"]
[Result "0-1"]
[WhiteElo "2320"]
[BlackElo "2435"]
[PlyCount "168"]
[EventDate "1991.??.??"]
[EventType "tourn"]
[EventRounds "14"]
[EventCountry "CUB"]
[EventCategory "4"]
[SourceTitle "EXT 1997"]
[Source "ChessBase"]
[SourceDate "1996.11.15"]
[SourceVersion "1"]
[SourceVersionDate "1996.11.15"]
[SourceQuality "1"]

1. d4 c5 2. d5 g6 3. c4 d6 4. Nc3 Bg7 5. e4 e6 6. Nf3 Ne7 7. Bf4 e5 8. Bd2 0-0 9. h4 h6 10. Qc1 Kh7 11. Bd3 a6 12. Qc2 f5 13. h5 f4 14. Nh4 g5 15. Nf5 Ng8 16. Nxg7 Kxg7 17. 0-0-0 Nf6 18. g3 Bg4 19. Rdg1 f3 20. Nd1 Nxh5 21. Ne3 Nf6 22. Bf1 Kg6 23. Bh3 Qd7 24. Nf5 Bxh3 25. Rxh3 Ng4 26. Rgh1 Qh7 27. Bxg5 Rxf5 28. exf5+ Kxg5 29. Qe4 Qg7 30. Rh4 Nxf2 31. Qe3+ Kf6 32. Rxh6+ Kf7 33. Rh7 Nxh1 34. Rxg7+ Kxg7 35. Qg5+ Kf7 36. Qg6+ Ke7 37. f6+ Kd7 38. Qh7+ Kc8 39. Qxh1 e4 40. Qe1 Nd7 41. Qxe4 Kc7 42. Qxf3 Rf8 43. Qe4 Rxf6 44. g4 Ne5 45. g5 Rf4 46. Qh7+ Rf7 47. Qe4 Rf4 48. Qh7+ Rf7 49. Qh4 b5 50. cxb5 axb5 51. a3 Rf2 52. Qh7+ Kb6 53. Kb1 c4 54. Qe7 Rf1+ 55. Kc2 Kc5 56. g6 Nxg6 57. Qc7+ Kxd5 58. Qb7+ Ke6 59. Qxb5 Ne5 60. Qe8+ Kd5 61. Qa8+ Kd4 62. Qa7+ Ke4 63. a4 d5 64. a5 d4 65. Qh7+ Kd5 66. Qg8+ Kc5 67. Qg5 Kd6 68. a6 Nc6 69. Qb5 d3+ 70. Kc3 Ra1 71. Kxc4 Ra5 72. Qb3 Rd5 73. Qa3+ Ke6 74. a7 d2 75. Qe3+ Ne5+ 76. Qxe5+ Rxe5 77. a8Q d1Q 78. Qg8+ Kf5 79. Qf7+ Kg4 80. Qg7+ Rg5 81. Qd4+ Qxd4+ 82. Kxd4 Kf5 83. Kc5 Ke6+ 84. Kc6 Rg4 0-1

[Event "Manzanillo"]
[Site "Manzanillo"]
[Date "1991.??.??"]
[Round "10"]
[White "Sariego Figueredo, Wilfredo"]
[Black "Medina, Jose"]
[Result "1-0"]
[WhiteElo "2435"]
[BlackElo "2320"]
[PlyCount "99"]
[EventDate "1991.??.??"]
[EventType "tourn"]
[EventRounds "14"]
[EventCountry "CUB"]
[EventCategory "4"]
[SourceTitle "EXT 1997"]
[Source "ChessBase"]
[SourceDate "1996.11.15"]
[SourceVersion "1"]
[SourceVersionDate "1996.11.15"]
[SourceQuality "1"]

1. e4 e6 2. d4 d5 3. Nc3 Bb4 4. Bd3 c5 5. exd5 Qxd5 6. Bd2 Bxc3 7. Bxc3 cxd4 8. Bxd4 e5 9. Bc3 Nc6 10. Qf3 Nf6 11. Qg3 0-0 12. f3 Nd4 13. Ne2 Nxe2 14. Bxe2 Bf5 15. Qxe5 Rfe8 16. Qxd5 Nxd5 17. Bd2 Ne3 18. Bxe3 Rxe3 19. Kf2 Rae8 20. Bb5 R8e7 21. Rhd1 h5 22. Rd2 R3e5 23. Bf1 b5 24. c4 bxc4 25. Bxc4 a5 26. Rad1 Rc7 27. Bb3 g6 28. Re1 Rb5 29. h3 Rb4 30. g4 hxg4 31. hxg4 a4 32. gxf5 axb3 33. a3 Rb6 34. fxg6 fxg6 35. Re3 Kf7 36. Kg3 Kg7 37. Rdd3 Rcb7 38. Rc3 Kf7 39. Red3 Ke7 40. Kf4 Kf6 41. Ke3 Re7+ 42. Kd2 Reb7 43. Rc4 Ke6 44. Kc3 Rd6 45. Rxd6+ Kxd6 46. Rg4 Re7 47. Rxg6+ Kc5 48. Rg5+ Kb6 49. Rd5 Kc6 50. Rd3 1-0

[Event "ESP-chT"]
[Site "Linares"]
[Date "1991.??.??"]
[Round "?"]
[White "Villavicencio Martinez, Adalberto"]
[Black "Medina, Jose"]
[Result "1-0"]
[WhiteElo "2315"]
[BlackElo "2320"]
[PlyCount "39"]
[EventDate "1991.??.??"]
[EventType "team"]
[EventRounds "8"]
[EventCountry "ESP"]
[SourceTitle "EXT 2000"]
[Source "ChessBase"]
[SourceDate "1999.11.16"]
[SourceVersion "1"]
[SourceVersionDate "1999.11.16"]
[SourceQuality "1"]

1. d4 d5 2. Nf3 e6 3. c4 Nf6 4. Nc3 c6 5. e3 Nbd7 6. Qc2 Bd6 7. Bd3 dxc4 8. Bxc4 0-0 9. 0-0 e5 10. h3 exd4 11. exd4 Qc7 12. Re1 Bf4 13. Bb3 Bxc1 14. Raxc1 Nb6 15. Re5 Bd7 16. Rce1 Rae8 17. Ne4 Nxe4 18. Qxe4 Rxe5 19. dxe5 Be6 20. Ng5 1-0